00577nam a2200205Ia 4500003000400000005001700004008004100021020001900062040000700081041000800088082001500096100002600111245001700137260003900154300000900193650002200202942001300224999001900237952011500256OSt20260307103227.0250729s1996 xx 000 0 und d a978-9353949600 cAL aeng a900.3 CARA aCarol R Ember9229969 aAnthropology aNewjerseybPrentice Hall Incc1996 a623p aGeography9229970 2ddccBED c238547d238547 00104070aALbALd2025-07-29eManagement Booksl0o900.3 CARApBED03866r2025-07-29 16:56:48w2025-07-29yBK